Κατάλογος Βιβλιοθηκών Mediterranean College

Managing Personnel and Human Resources / Strategies and Programs (Record no. 922)

MARC details
000 -LEADER
fixed length control field 02108cam a22002414a 4500
005 - ΗΜΕΡΟΜΗΝΙΑ ΚΑΙ ΩΡΑ ΤΕΛΕΥΤΑΙΑΣ ΕΝΗΜΕΡΩΣΗΣ
Πεδίο ελέγχου 20250605163949.0
008 - FIXED-LENGTH DATA ELEMENTS--GENERAL INFORMATION
Πεδίο ελέγχου σταθερού μήκους 250528s ||||||||||||||||||||||||d
035 ## - SYSTEM CONTROL NUMBER
System control number 15332
020 ## - ISBN
ISBN 870942344
040 ## - ΠΗΓΗ ΚΑΤΑΛΟΓΟΓΡΑΦΗΣΗΣ
Φορέας πρωτότυπης καταλογογράφησης MC Athens Campus Library
Γλώσσα καταλογογράφησης Ελληνικά, Μοντέρνα (1453-)
Modifying agency MC Athens Campus Library
Κανόνες περιγραφικής καταλογογράφησης AACR2
245 1# - ΤΙΤΛΟΣ ΚΑΙ ΔΗΛΩΣΗ ΥΠΕΥΘΥΝΟΤΗΤΑΣ
Τίτλος Managing Personnel and Human Resources / Strategies and Programs
260 ## - PUBLICATION, DISTRIBUTION, ETC.
Name of publisher, distributor, etc. Don Jones-Irwin,
Date of publication, distribution, etc. 1981
300 ## - PHYSICAL DESCRIPTION
Extent 420
505 0# - FORMATTED CONTENTS NOTE
Formatted contents note Personnel and Human Resource Management and Its Environment, Overview and Model of Personnel/ Human Resource, External Influences, Analyzing Individuals and Jobs, Individuals in the Organization, Job Analysis, Assessing Personnel and Human Resource Management Outcomes, Employee Performance, Employee Satsfaction and Length of Service and Attendance, Personnel Planning, External Staffing, Personnel Recruitment, External Staffing Concepts, External Staffing Processes, Internal Staffing and Development, Internal Staffing and Career Management, Employee Development, Compensation, Pay-Setting Processes, Benefits, Impacts of Pay on Employees, Safety and Health and Hours, Occupational Safety and Health, Hours of Work, Name and Subject Index.
520 ## - SUMMARY, ETC.
Summary, etc. Personnel and Human Resource Management and Its Environment, Overview and Model of Personnel/ Human Resource, External Influences, Analyzing Individuals and Jobs, Individuals in the Organization, Job Analysis, Assessing Personnel and Human Resource Management Outcomes, Employee Performance, Employee Satsfaction and Length of Service and Attendance, Personnel Planning, External Staffing, Personnel Recruitment, External Staffing Concepts, External Staffing Processes, Internal Staffing and Development, Internal Staffing and Career Management, Employee Development, Compensation, Pay-Setting Processes, Benefits, Impacts of Pay on Employees, Safety and Health and Hours, Occupational Safety and Health, Hours of Work, Name and Subject Index.
700 1# - ΠΡΟΣΘΕΤΗ ΑΝΑΓΡΑΦΗ--ΦΥΣΙΚΟ ΠΡΟΣΩΠΟ
Personal name Dyer D. Lee
9 (RLIN) 1229
700 1# - ΠΡΟΣΘΕΤΗ ΑΝΑΓΡΑΦΗ--ΦΥΣΙΚΟ ΠΡΟΣΩΠΟ
Personal name Fossum A. John
9 (RLIN) 1230
700 1# - ΠΡΟΣΘΕΤΗ ΑΝΑΓΡΑΦΗ--ΦΥΣΙΚΟ ΠΡΟΣΩΠΟ
Personal name Heneman G. Herbert Iii
9 (RLIN) 1231
700 1# - ΠΡΟΣΘΕΤΗ ΑΝΑΓΡΑΦΗ--ΦΥΣΙΚΟ ΠΡΟΣΩΠΟ
Personal name Schwab P. Donald
9 (RLIN) 1232
942 ## - ADDED ENTRY ELEMENTS (KOHA)
Koha item type Books
Holdings
Τύπος τεκμηρίου Βιβλιοθήκη Τρέχουσα τοποθεσία Barcode Αριθμός εισαγωγής Ημερομηνία απόκτησης Ταξιθετικό σύμβολο Αριθμός αντιτύπου Κατάσταση απόσυρσης Κατάσταση χαμένου Κατάσταση κατεστραμμένου Μη δανεισμός Σύνολο δανεισμών Ημερομηνία τελευταίας εμφάνισης Η τιμή ισχύει από
Books MC Athens Campus Library MC Athens Campus Library 9780000009210 1580 05/06/2025 658.3 MAN 1           05/06/2025 05/06/2025

MC Athens Campus Library
Πατησίων 94 & Κοδριγκτώνος 13, 104 34
Πελλήνης 8 & Πατησίων 107, 112 51
Τ: +30 210 8899600

MC Thessaloniki Campus Library
Ίωνος Δραγούμη 21, 54625 | Ίωνος Δραγούμη 15, 54625
Τ: +30 2310 287779 – Τ: +30 2314 440300